| 000 | 00682nam a2200253Ia 4500 | ||
|---|---|---|---|
| 001 | 33194 | ||
| 005 | 20240114001638.0 | ||
| 007 | ta | ||
| 008 | 061212s1896 a g b000 u 465 u | ||
| 040 | _aCotton College,Assam | ||
| 041 | _a465 | ||
| 082 |
_a301.153 _bB 141 In |
||
| 100 | _aBaden Powell, B.H. . | ||
| 245 | 0 |
_aThe Indian Village Community / _cB.H.Baden Powell. _hTextual Documents |
|
| 250 | _a1st ed. / | ||
| 260 |
_aNew York : _bLongmans Green & Co , _c1896. |
||
| 300 |
_avii,456p. : _bill ; _c22cm . |
||
| 504 | _aIndex | ||
| 653 | _aVillage Community-India | ||
| 653 | _aG-Sociology | ||
| 942 |
_2ddc _cBK |
||
| 999 |
_c33176 _d33176 |
||